| 000 | 00623nam a2200229Ia 4500 | ||
|---|---|---|---|
| 003 | OSt | ||
| 005 | 20220926042829.0 | ||
| 006 | a|||||r|||| 00| 0 | ||
| 007 | ta | ||
| 008 | 220923b |||||||| |||| 00| 0 eng d | ||
| 037 | _cGeneral Book | ||
| 040 |
_aRTL _cRTL _beng |
||
| 041 |
_2eng _aeng |
||
| 082 | _aX91:8K, J3 | ||
| 100 |
_aBrummet R Lee _9346778 |
||
| 245 | 0 | _aCost accounting for small manufacturers | |
| 260 | _c1953 | ||
| 490 | _aSmall business management series,9 | ||
| 650 |
_aIndustrial Economices _9231476 |
||
| 942 |
_hX91:8K, J3 _cGB _2CC |
||
| 999 |
_c670625 _d670625 |
||